01039nam a2200253Ia 4500003000900000008004100009020001800050040001600068080001300084111007000097245022900167260003300396300001400429490004700443650001900490650002500509650001800534700003200552700003500584710004400619942000700663999001700670952009800687IN-BaIIA211028s9999 xx 000 0 eng d a0-306-42581-5 cIIA Library a533bSTR aNATO Advanced Research WorkshopcCaliforniad1986 Aug. 4-9918950 0aStrongly coupled plasma physicsbproceedings of the NATO advanced research workshop held in Santa Cruz, California, August 4-9, 1986cedited by Forrest J. Rogers and Huge E. Dewitt  aNew YorkbPlenum Pressc1987 axi, 610p. aNATO ASI series, series B: physics; v. 154 aNASA Thesaurus aPlasma physics93732 aPlasmas91898 aDewitt, Huge E., ed.918951 aRogers, Forrest J., ed.918952 aNATO Scientific Affairs Division918953 cBK c11056d11056 00104070aBANbBANcGENd1994-04-21l0o533/ STRp11969r2021-11-05w1994-04-21yBK 117.00